000 00235nam a2200085 4500
999 _c515088
_d515088
100 _aBohm, Peter
_920188
245 _aSocial efficiency: a concise introduction to welfare economics
260 _aNew York
_bMacmillon
_c1973
300 _a150p.